| 000 | 00657nam a22001937a 4500 | ||
|---|---|---|---|
| 003 | OSt | ||
| 005 | 20251106055206.0 | ||
| 008 | 251106b |||||||| |||| 00| 0 eng d | ||
| 020 | _a978-621-427-100-9 | ||
| 040 |
_aDWCL-Main lib _cOC |
||
| 082 |
_22021 edition _aFil. 657.45 F897t 2022 |
||
| 100 | _aFrias, Solita A. | ||
| 245 |
_a Textbook in Auditing Practice/ _cSolita A. Frias |
||
| 250 | _a2021 edition | ||
| 260 |
_aManila, Philippines: _bUnlimited books library services & publishing inc., _cc2022. |
||
| 300 |
_axvi, 420 pages : _b illustrations ; _c25cm |
||
| 650 | _a1. Auditing- Textboos | ||
| 942 |
_2ddc _cBK - FIL _e 2021 edition _kFil. _n0 |
||
| 999 |
_c5582 _d5582 |
||